Estadísticas para Palmarés del Tour de Francia

Haz click aquí para intentar la prueba.

Estadísticas generales

  • Esta prueba ha sido intentada 15 veces
  • La puntuación promedio es 3 de 6

Estadísticas de respuestas

VictoriasCiclista% Correcto
5Miguel Induráin
92%
4Chris Froome
67%
5Eddy Merckx
58%
5Jacques Anquetil
42%
3Greg LeMond
17%
3Louison Bobet
17%

Distribución de puntuación

Porcentaje por número respondido

Porcentaje de gente con cada puntuación

Historial de tus puntuaciones

No has intentado esta prueba.